Celebrità Italiane Anni 2000 - Statistics

Statistiche generali
  • Questo quiz è stato fatto 77 volte
  • Il punteggio medio è 8 su 16
Statistiche sulle risposte
con Immagini Risposta % Corretto
Fabio Cannavaro
96%
Teo Mammuccari
84%
Fabio De Luigi
75%
Carolina Kostner
65%
DJ Francesco
65%
Alex Britti
64%
Gianfranco Fini
54%
Alessandra Mastronardi
46%
Irene Grandi
46%
Maddalena Corvaglia
46%
Costantino Vitagliano
41%
Andrew Howe
38%
Cristina Chiabotto
38%
Marco Melandri
32%
Carolina Crescentini
30%
Ainett Stephens
22%
Nessun quiz corrispondente trovato
Distribuzione punteggi
Percentuale di utenti per punteggio
Percentile per numero di risposta
I tuoi punteggi nel tempo
Non hai fatto questo quiz